Institutionum sive primorum totius iurisprudentiae elementorum, libri quatuor, Dn. Iustiniani, sacratissimi principis authoritate, iussúque compositi. Commentarij Accursij, Contij, Dionysij Gothofredi, et multorum aliorum doctorum hominum [...] accesserunt Iacobi Cuiacii, jurisconsultorum nostrae aetatis coriphaei notae solemnes, observationes, et emendationes accuratissimae: quibus continentur variae legum lectiones, similitudines contrarietates; earúmque simul, ac verborum difficilium interpretationes, atque explicationes: cum remissionibus Petri Brossei. Omnia à mendis quam accuratissimè repurgata, atque vindicata

Detalles Bibliográficos
Autor principal: Justiniano, I, emperador de Oriente, 483?-565
Otros Autores: Brosses, Pierre de, Landry, Pierre, fl. 1573-1602, impr
Formato: Libro
Lenguaje:Latin
Publicado: Lugduni : sumptibus Petri Landry, 1612.
Materias:
Colección:Banco de datos
Acervo:Universidad Autónoma Benito Juárez de Oaxaca. Biblioteca Francisco de Burgoa. Colección antigua
Descripción Física:[10] h., 612 col. ; f°
Tema general:Derecho civil
Notas:Portada tipográfica a dos tintas con marca del impresor y pleca en grabado xilográfico. Texto a dos columnas con paginación en números arábigos, glosas y apostillas marginales, reclamos y signaturas. Incluye capitulares con motivos florales en grabado xilográfico
LEADER 01694nam a22002170004500
035 |a 5871 
041 0 |a lat 
100 1 |a Justiniano, I, emperador de Oriente, 483?-565 
245 1 0 |a Institutionum sive primorum totius iurisprudentiae elementorum, libri quatuor, Dn. Iustiniani, sacratissimi principis authoritate, iussúque compositi. Commentarij Accursij, Contij, Dionysij Gothofredi, et multorum aliorum doctorum hominum [...] accesserunt Iacobi Cuiacii, jurisconsultorum nostrae aetatis coriphaei notae solemnes, observationes, et emendationes accuratissimae: quibus continentur variae legum lectiones, similitudines contrarietates; earúmque simul, ac verborum difficilium interpretationes, atque explicationes: cum remissionibus Petri Brossei. Omnia à mendis quam accuratissimè repurgata, atque vindicata 
260 |a Lugduni : sumptibus Petri Landry, 1612. 
300 |a [10] h., 612 col. ; f° 
500 |a Portada tipográfica a dos tintas con marca del impresor y pleca en grabado xilográfico. Texto a dos columnas con paginación en números arábigos, glosas y apostillas marginales, reclamos y signaturas. Incluye capitulares con motivos florales en grabado xilográfico  
501 |a 1 obra 
504 |a Al principio de la obra están el índice de rúbricas y el índice de parágrafos  
650 1 0 |a Derecho civil 
700 1 |a Brosses, Pierre de 
700 1 |a Landry, Pierre, fl. 1573-1602, impr. 
852 |a Universidad Autónoma "Benito Juárez" de Oaxaca, Biblioteca Francisco de Burgoa, Colección antigua 17136-B 
942 |c BURANT 
943 |g Universidad Autónoma Benito Juárez de Oaxaca. Biblioteca Francisco de Burgoa. Colección antigua 
999 |c 1116882  |d 1116882